Представление документа в формате RUSMARC

ПолеНазваниеЗначение
  Тип записи a
  Библиографический уровень a
001 Контрольный номер RU/УОНБ/EK_Kray/581963792
005 Дата корректировки 20240131005122.6
100 Данные общей обработки __
a Данные общей обработки 20180610d2018 ||| 0rusy0189 ca
101 Язык документа 0_
a Язык текста rus
102 Страна публикации __
a Страна публикации RU
105 Кодированные данные (монография) __
a Кодированные данные (монография) y###||||000|y
200 Заглавие и сведения об ответственности 1_
a Заглавие "Я люблю делать работу на сто процентов!"
f Первые сведения об ответственности Ирина Романова
215 Физическое описание __
c Иллюстрации/тип воспроизводства 2 фот.
330 Аннотация __
a Аннотация Творческая встреча с польским актором кино Матеушем Даменцким
461 Уровень набора _0
1 2000
a Димитровград
1 011
463 Уровень физической единицы _0
1 001RU/УОНБ/EK_Kray/581962955
1 2000
a 30 мая
v С. 6
1 210
d 2018
600 Персоналии _1
a Персоналии (Фамилия) Матеуш Даменцкий
600 Персоналии _1
a Персоналии (Фамилия) Наталья Пантюшкова
607 Географические рубрики __
a Географическое наименование Димитровград, город
610 Ключевые слова 0_
a Ключевые слова творческая встреча
610 Ключевые слова 0_
a Ключевые слова танцы
610 Ключевые слова 0_
a Ключевые слова кино
610 Ключевые слова 0_
a Ключевые слова кинофестивали
610 Ключевые слова 0_
a Ключевые слова актеры
686 Индексы других классификаций __
a Классификационный индекс 85.37
2 Код системы rubbk
700 Автор _1
a Фамилия Романова
b Имя (инициалы) И.
g Полное личное имя Ирина
4 Код отношения 070
801 Источник записи _0
a Страна RU
b Организация Ульяновская ОНБ
c Дата составления 20180610
g Правила каталогизации RCR
801 Источник записи _1
a Страна RU
b Организация Ульяновская ОНБ
c Дата составления 20180610
g Правила каталогизации RCR
901 Тип документа __
t Тип документа b
w Контрольный № источника RU/УОНБ/EK_Kray/581962955
909 Создатель записи __
a Создатель записи Ждыханова
938 Служебная информация __
a Имя БД kraeved_work
b Имя библиотеки УОНБ
c Имя АИБС МАРК-SQL
d Номер DOC_ID в БД 131897